Country Logic Puzzle by Scambigol #35 - Statistics

General Stats
  • This quiz has been taken 81 times
  • The average score is 30 of 48
Answers on the Map
Answers color-coded by a green-red scale on the quiz's map according to % correct below.
 
Answer Stats
Country % Correct
Egypt
93%
Libya
93%
Sudan
90%
Tunisia
90%
Algeria
88%
Eritrea
83%
Ethiopia
80%
Djibouti
78%
South Sudan
76%
Uganda
76%
Tanzania
71%
Kenya
68%
Somalia
66%
Malawi
63%
Mozambique
63%
Zambia
63%
Cameroon
61%
Zimbabwe
61%
Angola
59%
Botswana
59%
Central African Republic
59%
Chad
59%
D. R. Congo
59%
Equatorial Guinea
59%
Gabon
59%
Guinea
59%
Ivory Coast
59%
Lesotho
59%
Namibia
59%
Niger
59%
Rep. of the Congo
59%
South Africa
59%
Benin
56%
Burundi
56%
Eswatini
56%
Ghana
56%
Liberia
56%
Rwanda
56%
Togo
56%
Nigeria
54%
Senegal
54%
Gambia
51%
Mali
51%
Mauritania
51%
Sierra Leone
51%
Burkina Faso
49%
Guinea-Bissau
49%
Morocco
49%
No matching quizzes found
Score Distribution
Percent of People with Each Score
Percentile by Number Answered
Your Score History
You have not taken this quiz